000 00432nam a22001097a 4500
082 _a920
100 _aझा, डॉ अंजनी कुमार
_983994
245 _aएकात्म मानवदर्शन के प्रणेता पंडित दीनदयाल उपाध्याय
260 _aजयपुर
_bलिटरेरी सर्किल
_c2025
650 _aजीवनी
942 _cBK
999 _c69012
_d69012